00814 2200289 4500001002100000005001500021035002000036007000300056008004100059020002200100082001600122084001800138100003300156245004000189250002500229300004000254650001900294264003700313336002100350337003000371338002300401040002200424090002200446850001200468999002200480990002200502INLIS00000000089259520250121021541 a0010-0125000495ta250121s2024 yoia g ind d a978-623-5307-66-404223a808.883 a808.883 FAR j0 aFarida AnugrahenyePengarang10aJournal muslim /cFarida Anugraheny aCetakan keenam, 2024 a[181] halaman :bilustrasi ;c19 cm 4aCatatan harian31aSleman :bBrilliant Books,c2024 2rdacontentateks 2rdamediaatanpa perantara 2rdacarrieravolume aYOPDYOGbinderda aCB-D.11 2024-4380 aYOPDYOG aCB-D.11/2024-4380 aCB-D.11/2024-4380